000 00222nam a2200097Ia 4500
005 20251222114415.0
008 251222s1900||||xx |||||||||||||| ||spa||
082 _aDVD0098/B44/2006
245 0 _aTutto Dante:Dante
942 _cDVD
999 _c2190
_d2190